| 000 | 00616nam a22001937a 4500 | ||
|---|---|---|---|
| 005 | 20251108172251.0 | ||
| 008 | 250721s1984 xx 000 0 ara d | ||
| 082 | 1 | 4 | _a005.33/خشب |
| 100 | 1 | _aخشبة، محمد السعيد | |
| 245 | 1 | 0 | _aأساليب تخطيط البرامج بلغة الفورتران / |
| 264 | 1 |
_aالقاهرة : _c1984. |
|
| 300 | _a299ص | ||
| 490 | 0 | _aسلسلة الحاسبات الإلكترونية و تخطيط البرامج ؛ 4 | |
| 650 | 1 | 7 | _aلغات البرمجة |
| 650 | 1 | 7 | _aالحواسيب |
| 650 | 1 | 7 | _aفورتران |
| 942 |
_2ddc _cBK |
||
| 999 |
_c74648 _d74648 |
||